[Event "Niedersachsen-ch"]
[Site "Verden"]
[Date "2023.01.06"]
[Round "4"]
[White "Bargsten, Justus"]
[Black "Kiesel, Lucas"]
[Result "0-1"]
[WhiteElo "2152"]
[BlackElo "2000"]
[PlyCount "128"]
[EventDate "2023.01.05"]
[EventType "swiss"]
[EventRounds "7"]
[EventCountry "GER"]
[SourceTitle "CBM 212 Extra"]
[Source "ChessBase"]
[SourceDate "2023.03.31"]
[SourceVersion "1"]
[SourceVersionDate "2023.03.31"]
[SourceQuality "1"]

1. d4 Nf6 2. c4 g6 3. Nc3 Bg7 4. e4 d6 5. Be2 0-0 6. Be3 e5 7. d5 a5 8. h4 h5 9. f3 Na6 10. Nh3 Nc5 11. Nf2 c6 12. Qd2 cxd5 13. cxd5 Bd7 14. Bb5 Bxb5 15. Nxb5 Qd7 16. Qe2 Rfc8 17. Nd1 Ne8 18. Ndc3 Nc7 19. Nxc7 Rxc7 20. 0-0-0 Na4 21. Bd2 b5 22. Kb1 b4 23. Nxa4 Qxa4 24. b3 Qd7 25. Rc1 Rca7 26. Qc4 a4 27. Bxb4 axb3 28. a3 Bh6 29. Qc6 Bxc1 30. Qxd7 Rxd7 31. Rxc1 Kf8 32. Kb2 Ke7 33. Kxb3 f5 34. Rc4 Rg8 35. f4 Kf6 36. fxe5+ dxe5 37. Rc6+ Kf7 38. Re6 Re8 39. Rxe8 Kxe8 40. Kc4 Rc7+ 41. Kd3 Kd7 42. Bf8 Rc8 43. Bb4 Rc1 44. Bc3 fxe4+ 45. Kd2 Rg1 46. Bxe5 Rxg2+ 47. Ke3 Rg4 48. Bf6 Kd6 49. Kd4 e3+ 50. Kxe3 Kxd5 51. Kf3 Ra4 52. Be7 Ke6 53. Bb4 Kf5 54. Kg3 Ke4 55. Be7 Rc4 56. Bb4 Rd4 57. Be7 Rd3+ 58. Kf2 Kf4 59. Bg5+ Kg4 60. Be7 Rd7 61. Bg5 Ra7 62. Bd8 Rxa3 63. Bg5 Ra2+ 64. Ke3 Rh2 0-1

[Event "GER-chT U20"]
[Site "Kiel"]
[Date "2022.07.25"]
[Round "5.6"]
[White "Wolff, Calvin"]
[Black "Bargsten, Justus"]
[Result "0-1"]
[WhiteElo "1390"]
[BlackElo "2136"]
[PlyCount "100"]
[EventDate "2022.07.22"]
[EventType "team-swiss"]
[EventRounds "7"]
[EventCountry "GER"]
[SourceTitle "CBM 209 Extra"]
[Source "ChessBase"]
[SourceDate "2022.09.30"]
[SourceVersion "1"]
[SourceVersionDate "2022.09.30"]
[SourceQuality "1"]
[WhiteTeam "Heilbronn"]
[BlackTeam "Uelzen Post"]
[WhiteTeamCountry "GER"]
[BlackTeamCountry "GER"]

1. e4 c5 2. Nf3 e6 3. d4 cxd4 4. Nxd4 Nc6 5. Be3 Nf6 6. f3 d5 7. Bb5 Bd7 8. 0-0 dxe4 9. fxe4 Nxd4 10. Bxd7+ Qxd7 11. Qxd4 Qxd4 12. Bxd4 Nxe4 13. Re1 f5 14. Nc3 Nxc3 15. Bxc3 Bc5+ 16. Kf1 Kf7 17. Re2 Rad8 18. Rae1 Rhe8 19. Re5 Bd4 20. Bxd4 Rxd4 21. Rc5 Rd2 22. Re2 Rxe2 23. Kxe2 e5 24. c4 Ke6 25. Rc7 Re7 26. Rc8 e4 27. Rd8 f4 28. Rd4 Kf5 29. b4 g5 30. h3 g4 31. Rd5+ Re5 32. hxg4+ Kf6 33. Rd6+ Kg5 34. Rd7 Kh4 35. Rxh7+ Kg3 36. Kf1 e3 37. Rh3+ Kxg4 38. Rh7 b5 39. Rg7+ Kf5 40. c5 a5 41. a3 axb4 42. axb4 Re4 43. Rb7 Rxb4 44. c6 Ke6 45. Ke2 Rb2+ 46. Kf3 Rf2+ 47. Kg4 e2 48. Rb8 Rxg2+ 49. Kxf4 Rg7 50. Rb7 e1Q 0-1

[Event "GER-chT U20"]
[Site "Kiel"]
[Date "2022.07.23"]
[Round "1.6"]
[White "Bargsten, Justus"]
[Black "Buchholz, Maja Patricia"]
[Result "1-0"]
[WhiteElo "2136"]
[BlackElo "1879"]
[PlyCount "67"]
[EventDate "2022.07.22"]
[EventType "team-swiss"]
[EventRounds "7"]
[EventCountry "GER"]
[SourceTitle "CBM 209 Extra"]
[Source "ChessBase"]
[SourceDate "2022.09.30"]
[SourceVersion "1"]
[SourceVersionDate "2022.09.30"]
[SourceQuality "1"]
[WhiteTeam "Uelzen Post"]
[BlackTeam "Langen"]
[WhiteTeamCountry "GER"]
[BlackTeamCountry "GER"]

1. e4 e6 2. d4 d5 3. e5 c5 4. c3 Nc6 5. Nf3 Qb6 6. Bd3 cxd4 7. 0-0 Bd7 8. Re1 Nge7 9. h4 h5 10. a3 Rc8 11. b4 dxc3 12. Nxc3 Nxb4 13. Na4 Bxa4 14. Qxa4+ Nbc6 15. Bd2 g6 16. Rab1 Qc7 17. Bg5 Bg7 18. Bf6 0-0 19. g4 Rfd8 20. gxh5 d4 21. hxg6 Bxf6 22. gxf7+ Kxf7 23. exf6 Kxf6 24. Ng5 e5 25. Qd1 Nd5 26. Qh5 Qg7 27. Rxb7 Nce7 28. Qg4 Rc6 29. Be4 Qg8 30. f4 Ne3 31. fxe5+ Kg7 32. Qh5 Ra6 33. Rxe7+ Kf8 34. Rf7+ 1-0

[Event "GER-ch NSV Online 1st"]
[Site "Playchess.com INT"]
[Date "2020.04.26"]
[Round "6"]
[White "Edling, Joern"]
[Black "Bargsten, Justus"]
[Result "0-1"]
[WhiteElo "2046"]
[BlackElo "2052"]
[PlyCount "66"]
[EventDate "2020.04.26"]
[EventType "swiss (blitz)"]
[EventRounds "13"]
[EventCountry "GER"]
[SourceTitle "CBM 196 Extra"]
[Source "ChessBase"]
[SourceDate "2020.07.31"]
[SourceVersion "1"]
[SourceVersionDate "2020.07.31"]
[SourceQuality "1"]

1. e4 e5 2. Nf3 Nc6 3. Bb5 a6 4. Bxc6 dxc6 5. 0-0 Qd6 6. d3 Be6 7. Be3 0-0-0 8. Nbd2 f6 9. a3 Ne7 10. b4 g5 11. Nb3 Bxb3 12. cxb3 Qxd3 13. Qc1 Ng6 14. Qb2 Be7 15. Rfe1 Nf4 16. Bc5 Bxc5 17. bxc5 g4 18. Nh4 Rd4 19. b4 Rxe4 20. Red1 Qe2 21. Qb3 Kb8 22. a4 Rd4 23. Re1 Qd3 24. Qf7 Nd5 25. b5 cxb5 26. axb5 Qxb5 27. Reb1 Qxc5 28. Rxa6 Rd8 29. Nf5 Nc3 30. Nxd4 Nxb1 31. Ra8+ Kxa8 32. Qa2+ Kb8 33. Qxb1 Qxd4 0-1

[Event "Niedersachsen-ch MT"]
[Site "Verden an der Aller"]
[Date "2020.01.03"]
[Round "3"]
[White "Bargsten, Justus"]
[Black "Gentemann, Moritz"]
[Result "1/2-1/2"]
[WhiteElo "2002"]
[BlackElo "2147"]
[PlyCount "149"]
[EventDate "2020.01.02"]
[EventType "swiss"]
[EventRounds "7"]
[EventCountry "GER"]
[SourceTitle "EXT 2023"]
[Source "ChessBase"]
[SourceDate "2022.10.05"]
[SourceVersion "1"]
[SourceVersionDate "2022.10.05"]
[SourceQuality "1"]

1. e4 c5 2. Nf3 d6 3. d4 cxd4 4. Nxd4 Nf6 5. Nc3 a6 6. h3 e6 7. g4 Qc7 8. Be3 Nc6 9. a4 Be7 10. f4 d5 11. exd5 Nxd5 12. Nxd5 exd5 13. Qd2 Bh4+ 14. Kd1 Bf6 15. Bg2 0-0 16. Re1 Bd7 17. Ra3 Rfe8 18. Rd3 Nxd4 19. Bxd4 Rxe1+ 20. Kxe1 Bxa4 21. Bxf6 gxf6 22. Rxd5 Bc6 23. Rd4 Bxg2 24. Qxg2 Re8+ 25. Kf1 Qa5 26. Qd2 Qa1+ 27. Kg2 Qxb2 28. Rb4 Qa2 29. Rxb7 Qc4 30. Rb4 Re2+ 31. Kf3 Rxd2 32. Rxc4 Rd6 33. Ra4 Kf8 34. c4 Ke7 35. Ke4 Kd7 36. c5 Re6+ 37. Kd5 Kc7 38. Ra3 f5 39. gxf5 Rf6 40. Ke5 Rc6 41. Ra5 Kb7 42. f6 Re6+ 43. Kf5 h6 44. Ra1 Rc6 45. Rc1 a5 46. Rc4 Rc8 47. Ke5 Kc6 48. Rd4 Re8+ 49. Kf5 Ra8 50. Rd6+ Kc7 51. Kg4 a4 52. Kh5 a3 53. Rd1 Ra6 54. Kxh6 Rxf6+ 55. Kg5 Rg6+ 56. Kf5 Rh6 57. Rd3 Ra6 58. Rd1 Rh6 59. Rh1 Kd7 60. h4 Ke7 61. Re1+ Kf8 62. Rc1 a2 63. Ke5 Ke7 64. Kd5 Ra6 65. Ra1 Kd7 66. h5 Rh6 67. Rxa2 Rxh5+ 68. Kd4 Rf5 69. Ra7+ Ke6 70. c6 Rxf4+ 71. Kc5 Rf1 72. Kb6 f5 73. c7 Kd7 74. Ra5 Rb1+ 75. Rb5 1/2-1/2